00683 2200241 4500001002100000005001500021035002000036007000300056008004100059020002200100082001200122084001800134100001800152245009800170250001000268260003900278300003900317650001300356700001900369504003100388990001100419990001100430INLIS00000000000295520230922015731 a0010-0119000307ta230922 g 0 ind  a978-602-1624-83-8 aR.920.3 aR.920.3 KEE e0 aKEEN, Achroni1 aEnsiklopedi Presiden Republik Indonesia :bJoko Widodo /cKeen Achroni; editor, Eista Swaesti acet.1 aJogjakarta :bAr-ruzz Media,c2018 ajil.7, 265 hlm. :bilus. ;c21 cm. 4aBIOGRAFI0 aEISTA, Swaesti aBibliografi : hlm. 263-265 a6393 a a6393 b